000 00773nam a2200241 i 4500
001 106840
003 ES-MaACL
005 20230906184303.0
007 t|
008 070104s1993 fr ||||1| fre d
020 _a2-7005-0035-0
080 _a811.922(075.4)
100 1 _aThierry, J.
_9109952
245 1 2 _aL'espéranto sans peine /
_cpar J. Thierry ; illustrations de Robert Gring.
260 _aChennevières S/Marne :
_bAssimil,
_c[1993]
300 _aIX, 420 p. :
_bil. ;
_c18 cm.
490 1 _aMéthode quotidienne Assimil
650 4 _aEsperanto-
_vMétodos.
_912497
700 1 _aGring, Robert.
_960072
830 1 _aMéthode quotidienne Assimil
_9185350
852 4 _aES-MaACL
_jE-11490
_zBiblioteca Jacinto Martínez Lacalle
999 _c106840
_d106840